| 000 | 00474cam a2200193ua 4500 | ||
|---|---|---|---|
| 001 | 9008 | ||
| 005 | 20260515114420.0 | ||
| 008 | 150219n ii |||gr||||Z||||||asm | ||
| 040 | _cMAIN | ||
| 041 | _aasm | ||
| 082 | _a809 | ||
| 100 |
_aBoruah, B. K., _eAuthor. |
||
| 245 | 1 |
_aTulanamulak Bhasa adhyayan _cEdited by B. K. Boruah |
|
| 250 | _a1st. | ||
| 260 |
_aDibrugarh: _bAssamese, _c2006. |
||
| 300 | _a160p. | ||
| 653 | _aHistory, description & criticism | ||
| 942 | _cBK | ||
| 999 |
_c8092 _d8092 |
||